Ulicemi Lareda /
Ulicemi Lareda je poslední knihou epické tetralogie Osamělá holubice, která je vrcholem jedinečného pohledu Larryho McMurtryho na americký Západ.
Uloženo v:
| Série: | Osamělá holubice,
část 4 |
|---|---|
| Hlavní autor: | |
| Další autoři: | |
| Médium: | Kniha |
| Jazyk: | Czech |
| Vydáno: |
V Brně :
Jota,
2026
|
| Vydání: | Vydání první |
| Témata: | |
| Celkem bylo vypůjčeno: | 1x |
| Příbuzné jednotky: | Z cyklu::
Osamělá holubice |
| Tagy: |
Žádné tagy |
| LEADER | 02532nam a2200433 i 4500 | ||
|---|---|---|---|
| 001 | 106672 | ||
| 003 | CZ PrNK | ||
| 005 | 20260630075325.0 | ||
| 007 | ta | ||
| 008 | 260616s2026 xr g 000 f cze | ||
| 015 | |a cnb003764705 | ||
| 020 | |a 9788076898240 |q (vázáno) | ||
| 040 | |a ABG001 |b cze |e rda | ||
| 041 | 1 | |a cze |h eng | |
| 072 | 7 | |a 821.111(73)-3 |x Americká próza |2 Konspekt |9 25 | |
| 080 | |a 821.111(73)-31 |2 MRF | ||
| 080 | |a (0:82-311.3) |2 MRF | ||
| 100 | 1 | |a McMurtry, Larry, |d 1936-2021 |7 mzk2003182685 |4 aut |9 114802 | |
| 240 | 1 | 0 | |a Streets of Laredo. |l Česky |
| 245 | 1 | 0 | |a Ulicemi Lareda / |c Larry McMurtry ; překlad Jana Hlávková |
| 250 | |a Vydání první | ||
| 264 | 1 | |a V Brně : |b Jota, |c 2026 | |
| 300 | |a 511 stran ; |c 22 cm | ||
| 336 | |a text |b txt |2 rdacontent | ||
| 337 | |a bez média |b n |2 rdamedia | ||
| 338 | |a svazek |b nc |2 rdacarrier | ||
| 500 | |a Přeloženo z angličtiny | ||
| 520 | 2 | |a Ulicemi Lareda je poslední knihou epické tetralogie Osamělá holubice, která je vrcholem jedinečného pohledu Larryho McMurtryho na americký Západ. |b Děj se odehrává se v 90. letech 19. století, v období, kdy éra Divokého západu definitivně končí, divočina nenávratně ustupuje civilizaci a Texas čím dál více křižují železnice a telegrafní dráty. Kapitán Woodrow Call, bývalý parťák Augusta McCraea, je teď nájemným lovcem odměn. Jeho úkolem je vypátrat brutálního mladého mexického banditu. Kapitán cestuje s uhlazeným městským úředníkem z východu, přitroublým zástupcem šerifa a s jedním z posledních členů party z ranče Hat Creek, Pea Eye Parkerem, který je šťastně ženatý s Lorenou, někdejší milenkou Guse McCraea. Dlouhá honička dovede skupinu až do posledních divokých zákoutí západu, do špinavé díry známé jako Vraní město, a nakonec na nedozírné a neúprosné pláně texaského pohraničí. Nakladatelská anotace. Kráceno. | |
| 655 | 7 | |a americké romány |7 fd131796 |2 czenas |9 53403 | |
| 655 | 7 | |a dobrodružné romány |7 fd132061 |2 czenas |9 53558 | |
| 655 | 9 | |a American fiction |2 eczenas | |
| 655 | 9 | |a adventure novels |2 eczenas | |
| 700 | 1 | |a Hlávková, Jana |7 xx0157842 |4 trl |9 110740 | |
| 710 | 2 | |a Nakladatelství Jota |7 kn20120920011 |4 pbl |9 117217 | |
| 787 | 0 | 8 | |i Z cyklu: |t Osamělá holubice |g 4 |
| 910 | |a UOG502 | ||
| 942 | |2 ddc |c KN | ||
| 999 | |d 106672 | ||
| 993 | |0 0 |1 421180107396 |2 ddc |4 0 |7 0 |9 100167 |b 0 |c 107396 |d 2026-06-30 |e 1 |f DOSP |h 598.00 |i Koupě |l DOSP |q 2026-08-11 |r 2026-06-30 |s 2026-06-30 |t 6 |w 2026-06-30 |y KN |z BELET |n | ||